MDQL
is popping MORE tags! Check the
thread
!
Quizzes
Events
Quiz Creation
Community
Videos
Private Events
Remove Ads
Sign In
Join for FREE
Feedback
Dark Mode
Quiz Categories
Sports
Geography
Music
Movies
Television
Just For Fun
Miscellaneous
History
Literature
Language
Science
Gaming
Entertainment
Religion
Holiday
For Kids
Quiz Lab
Recent
Popular Today
Quiz Kudos Today
Editor Picks
Curator Picks
Quizzes by...
Day
Popularity
Type
Ratings
Length
Year
Community
Subscriptions
Recent Discussions
Orange Saloon
Badges
Playlists
Quests
Create
Leaderboards
Showdown
Live 5
Trivia Bingo
Activity
Puzzle Library
Sporcle Events
Private Events
Virtual Trivia
Globe League
Become a Host
Pub Owners
SporcleCon
Opinionation
Our Games
Videos
Blog
Mobile Apps
Partnerships
Remove Ads and Go Orange
Feedback
History
US Presidents
World Leaders
Politics
Nation
Discovery
War
Decade
Year
Century
Biography
Art
History
US Presidents
World Leaders
Politics
Nation
Discovery
War
Decade
Year
Century
Biography
Art
Random Quiz
Search Sporcle
×
Quiz Lab
Quiz Lab
History
Popular
Type in answers that appear in a list
Type in answers that appear in a list
Classic
Best Score? Go Orange.
Top 100 Women All Time Stats
Can you name the Top 100 Historical Women All Time based on web search popularity?
By
tookieclothspin
20m
100 Questions
2,141 Plays
2,141 Plays
2,141 Plays
Comments
Comments
Give Quiz Kudos
Give Quiz Kudos
-
- Ratings
hide this ad
More Info
Replay
Link that replays current quiz
Next Quiz
Link to next quiz in quiz playlist
You Got
0%
They Got
Avg Score
45%
Avg Friend Score
Upgrade to see
Score Distribution
Jump to the score distribution portion of the page
Score
0/100
Timer
20:00
0
Plays Today
% Correct
Cleopatra
89.8%
Anne Frank
88.1%
Marilyn Monroe
87.4%
Queen Elizabeth
85.5%
Diana, Princess of Wales
83.7%
Oprah Winfrey
83.4%
Joan of Arc
81.6%
Rosa Parks
80.6%
Mary, Queen of Scots
80.5%
Hillary Rodham Clinton
80.3%
Madonna
79.5%
Jacqueline Kennedy Onassis
78.8%
Mother Teresa
78.2%
Marie Curie
77.5%
Emily Bronte
74.5%
Charlotte Bronte
74.3%
Margaret Thatcher
73.9%
Amelia Earhart
72.3%
Queen Victoria
71.9%
Caroline Kennedy
70.7%
Helen Keller
69.1%
Mary Shelley
67.7%
Eleanor Roosevelt
66.6%
Eva Peron
65.7%
Abigail Adams
64.4%
Marie Antoinette
64.2%
Florence Nightingale
63.5%
Catherine the Great
61.3%
Katharine Hepburn
59.7%
Coco Chanel
58.5%
Willa Cather
58.5%
Shirley Temple
58.4%
Pocahontas
58.3%
Harriet Tubman
57.5%
% Correct
Susan B. Anthony
57.2%
Indira Gandhi
57.2%
Annie Oakley
55.5%
Queen Isabella
54.3%
Betsy Ross
52.9%
Maya Angelou
52.9%
Louisa May Alcott
51.8%
Frida Kahlo
51.5%
Lucille Ball
51%
Julia Child
50.1%
Jane Goodall
48.8%
Ayn Rand
48.7%
Sojourner Truth
48.1%
Jane Fonda
47.7%
Harriet Beecher Stowe
46.9%
Emily Dickinson
46.7%
Sacagawea
46.5%
Lady Godiva
46.2%
Mata Hari
44.8%
Calamity Jane
44.3%
Virginia Woolf
43.4%
Barbara Walters
42.9%
Sally Ride
40%
Toni Morrison
39.5%
Rosie the Riveter
38.7%
Georgia O'Keeffe
38.5%
Lizzie Borden
37.8%
Joan Baez
36.7%
Billie Holiday
35.6%
Clara Barton
33.3%
Janet Reno
33%
Alice Walker
32.8%
Michelle Kwan
31.5%
Golda Meir
30.7%
% Correct
Maria Montessori
29.2%
Rachel Carson
28.9%
Sappho
27.2%
Margaret Sanger
25.6%
Zora Neale Hurston
25.4%
Salome
24.4%
Elizabeth Cady Stanton
23.7%
Josephine Baker
22.7%
Isabel Allende
21.9%
Angela Davis
21.8%
Jane Addams
21.7%
Gertrude Stein
21.6%
Margaret Mead
21.2%
Mother Jones
20.7%
Isadora Duncan
19.4%
Emily Post
19%
Martha Graham
16.8%
Mary Cassatt
16.1%
Judy Collins
14.9%
Erma Bombeck
13.9%
Lena Horne
13%
Molly Pitcher
12.9%
Anais Nin
12.7%
Hatshepsut
12.4%
Elizabeth Blackwell
12.2%
Colette
9.9%
Ida Tarbell
7.6%
Hypatia
7.2%
Anne Bradstreet
6.3%
Eudora Welty
5.5%
Artemisia
3.7%
Nikki Giovanni
3.2%
Quiz Playlist
Details
Report
Send in Message
Add To Playlist
More Info:
All these women are profound representatives of world history. Even if you don't guess them all, you will learn a lot (as I did).
Classic:
Type in answers that appear in a list
Quiz Source
Last Updated: Jul 9, 2017
Quiz Scoreboard
CHALLENGE
Sign Up to Join the Scoreboard
Show All
Scores
Hide
Comments
May contain spoilers
Recently Published
Image Sorting: Flags VI
by Barbecue
Geography
2m
Find the 'City' Movie
by crazypaving
Movies
60s
Colored Red Africa Blitz
by spor1
Geography
45s
More to Explore
Quiz From the Vault
Featured Blog Post
14 Easter Pick-up Lines to Find Eggs With
hide this ad
You Might Also Like...
Tags
Popular Quiz
100
All Time
Historical Women
search
Top 100
Web
Women
Today's Top Quizzes in History
Browse History
hide this ad
Today's Top Quizzes in Popular
Browse Popular
Top Contributed Quizzes in History
1
I Am Born On March 29th
2
Order Up: 1000 Years of World Events I
3
Popular People in 1951
4
US National Parks Named After People
5
Popular People in 1991
6
Popular People in 1941
7
Popular People in 1981
8
Popular People in 1921
9
Popular People in 1986
10
Popular People in 1976
Explore More
Trending Topics
Crossword
Harry Potter
Marvel
Anime
Kpop
Disney
NBA
Puzzle
Soccer
Pokémon
Country
The Office
NFL
WWE
Song
hide this ad
More By:
tookieclothspin
Quiz
Plays
Rating
Category
Featured
Created
Gilmore Girls Characters
12,307
4.00
Television
Jan 11, 2010
Top 100 Women All Time
2,141
3.68
History
Feb 5, 2010
Actors Who Played Gay
2,045
4.18
Movies
Jan 10, 2010
50 Funniest Women Alive!
615
2.14
Entertainment
Jan 11, 2010
Madonna Singles on Billboard Hot 100
570
4.75
Music
Feb 1, 2010
Go to Creator's Profile
Score Distribution
Quiz Creator Spotlight
tookieclothspin
Follow
Send a Message
Quizzes Created
-
Created Quiz Play Count
-
More By This Creator
Popular Quizzes Today
1
Colored Red Africa Blitz
2
Find the US States - No Outlines Minefield
3
Find the 'City' Movie
4
5x2 Blitz: Bands
5
The Countries of the World
6
Find the US States
7
Find the Countries of Europe - No Outlines Minefield
8
US States
More History Quizzes
I Am Born On November 14th
Quiz Lab
Trending Quizzes
Colored Red Europe Blitz I
Colored Red Europe Blitz II
Colored Red Africa Blitz II
Colored Red Europe Blitz III
Colored Red Africa Blitz III
Recently Updated
How Do You Spell That?
pecheneg
Godzilla Movies
pecheneg
Grab Bag: 4-10 Letters
pecheneg
2024 March Madness Bracket
pecheneg
Famous TV Couples
Peacemaker
Champions League XIs: Real Madrid
pecheneg
Largest US Cities 1790-2010
pecheneg
Rides in Walt Disney World
pecheneg
Most Oscar Losses (Acting)
pecheneg
Beyoncé Albums
pecheneg
Trending Topics
Disney
Crossword
NBA
Harry Potter
Marvel
Anime
Kpop
Country
Pokémon
NFL
Soccer
Puzzle
The Office
WWE
Song
Your Account Isn't Verified!
In order to create a playlist on Sporcle, you need to verify the email address you used during registration. Go to your
Sporcle Settings
to finish the process.
Report this User
Report this user for behavior that violates our
Community Guidelines
.
Details:
Send Report
Go to the Sporcle.com Mobile Site →
Comments